000 00367nam a22001577a 4500
003 SGT
020 _a9780670058228
082 _a320.954,JAL
100 _aJALAN,BIMAL
245 _aTHE FUTURE OF INDIA: POLITICS, ECONOMICS AND GOVERNANCE
250 _a1ST
260 _aNEW DELHI
_bPENGUIN
_c2005
300 _a212
650 _aPOLITICAL SCIENCE
942 _2ddc
_cFCM
999 _c9529
_d9529